La politique d'orientation de la researche scientifique et technique

Spremljeno u:
Bibliografski detalji
Glavni autor: Buquet, L.
Format: Knjiga
Jezik:Undetermined
Izdano: Paris Cahiers de l'institut de science économique appliquée 1962
Teme:
Oznake: Dodaj oznaku
Bez oznaka, Budi prvi tko označuje ovaj zapis!
Thư viện lưu trữ: Trung tâm Học liệu Trường Đại học Cần Thơ
LEADER 00562nam a2200181Ia 4500
001 CTU_85875
008 210402s9999 xx 000 0 und d
082 |a 338.4 
082 |b B917 
100 |a Buquet, L. 
245 0 |a La politique d'orientation de la researche scientifique et technique 
245 0 |c L. Buquet, M. Dumas, M. Fardeau 
260 |a Paris 
260 |b Cahiers de l'institut de science économique appliquée 
260 |c 1962 
650 |a Technology transfer 
904 |i Năm 
980 |a Trung tâm Học liệu Trường Đại học Cần Thơ